Đại cương triết học Trung Hoa : Nho giáo /

Kaydedildi:
Detaylı Bibliyografya
Yazar: Trần Trọng Kim
Materyal Türü: Kitap
Dil:Vietnamese
Baskı/Yayın Bilgisi: VH-TT 2001
Etiketler: Etiketle
Etiket eklenmemiş, İlk siz ekleyin!
Thư viện lưu trữ: Mạng thư viện Đại học Đà Nẵng
LEADER 00632nam a2200265 4500
001 000028351
003 TR-K
005 20150403120000.0
008 150403s vm 000 vie
020 |c 0,0000 
040 |a notts 
100 |a Trần Trọng Kim 
245 |a Đại cương triết học Trung Hoa : Nho giáo /  |c Trần Trọng Kim. 
260 |b VH-TT  |c 2001 
OWN |a LTT 
999 |a From the UDN01 
TYP |a Monograph 
TYP |a Printed language 
980 |a Mạng thư viện Đại học Đà Nẵng